| 000 | 00701 a2200217 4500 | ||
|---|---|---|---|
| 010 | _aENG-85757 | ||
| 020 |
_a817342134X _c120.00 |
||
| 035 | _aEN-69290 | ||
| 037 | _bD.B.Act / Pub | ||
| 082 | 1 | 4 | _a401 |
| 090 |
_c3449 _d3449 |
||
| 100 | 1 | _aJoseph, U V | |
| 245 | 1 |
_aThe comparative phonology of the boro-garo languages _cU V Joseph |
|
| 260 |
_aMysore _bCentral Institute of Indian Languages _c2006 |
||
| 270 |
_aManasagangotri _bMysore _cKarnataka _e570 006 |
||
| 300 |
_aviii,151p. _c21cm (Hb) |
||
| 490 | _aCIIL Publication No. 530 | ||
| 700 | _aBurling, Robbins | ||
| 942 |
_adpl _cEN _k401 / JOS |
||
| 999 |
_c3382 _d3382 |
||